01027nam a2200181 a 450000100100000000500170001000800410002704000250006808200150009310000480010824500470015626000500020330000210025395201900027495201870046495201770065199900170082800003298720240614093609.0110805s1912 dr 000 0 spa d aDO-SdBNPbspacBNPHU axxxbG216p1 aGarcía Godoy, Federico, d1857-19249166910aPáginas efímeras /cF. García Godoy. aSanto Domingo :bLa cuna de América,c1912. a346 p. ;c19 cm. 001050718RVaGRbGRcCTd2011-08-10iLF1l0oxxx G216pp32987-30r2020-06-25te. 3w2020-06-25y1zPerteneció a la biblioteca personal Federico Henríquez y CarvajalZNo se presta 001050718RVaPDbPDcCTd2011-08-05iLF1l0oxxx G216pp32987-10r2020-06-25w2020-06-25y1zPerteneció a la biblioteca personal de Federico Henríquez y CarvajalZNo se presta 001050718RVaPDbPDcCTd2011-08-10iLF1l0oxxx G216pp32987-20r2020-06-25te. 2w2020-06-25y1zPerteneció a la biblioteca personal de Martínez BoogZNo se presta c32478d32478